Szczegóły MARC21

O nauce szkolnej uczniów zdolnych : (przyczyny niechęci do nauki i niepowodzenia w nauce) /

003 -Nazwa inst., której nr kontr. jest w polu 001 [,]
    • @
    • Nazwa instytucji, której n kontrolny jest w polu 001
    • NUKAT
005 -DATA I CZAS OSTATNIEJ MODYFIKACJI [,]
    • @
    • pole kontrolne
    • 20241231085227.0
040 -Instytucja sporządzająca opis [ , ]
    • a
    • Instytucja, która sporządziła opis (NP)
    • LUBL U/JL
    • c
    • Instytucja, która sporządziła rekord (NP)
    • LUBL U/JL
    • d
    • Instytucja, która zmodyfikowała rekord (P)
    • LUBL U/bg
    • d
    • Instytucja, która zmodyfikowała rekord (P)
    • LUBL U/WAGs
942 -Rodzaj dokumentu [ , ]
    • c
    • Rodzaj dokumentu
    • Książka
100 -Hasło główne - nazwa osobowa [1, ]
    • a
    • Nazwa osobowa (NP)
    • Wasyluk-Kuś, Halina
    • d
    • Daty biograficzne (NP)
    • (1928-2004).
    • 9
    • KHW
    • 32066
245 -Strefa tytułu i oznaczenia odpowiedzialności [1,0]
    • a
    • Tytuł
    • O nauce szkolnej uczniów zdolnych : Find
    • b
    • Ciąg dalszy tytułu (NP)
    • (przyczyny niechęci do nauki i niepowodzenia w nauce) / Find
    • c
    • Pozostałe elementy strefy tytułu i oznaczenia odpowiedzialności (NP)
    • Halina Wasyluk-Kuś.
260 -Strefa adresu wydawniczego [ , ]
    • a
    • Miejsce wydania (P)
    • Warszawa :
    • b
    • Nazwa wydawcy (P)
    • Państwowe Zakłady Wydawnictw Szkolnych,
    • c
    • Data wydania (P)
    • 1971.
300 -Strefa opisu fizycznego [ , ]
    • a
    • Określenie formy książki i/lub objętość (NP)
    • 122 s. ;
    • c
    • Format (NP)
    • 21 cm.
336 -Typ zawartości [ , ]
    • a
    • Termin opisujący typ zawartości
    • Tekst
    • b
    • Kod określający zawartość
    • txt
    • 2
    • Źródło (terminu i kodu)
    • rdacontent
337 -Typ mediów [ , ]
    • a
    • Tryb odtwarzania
    • Bez urządzenia pośredniczącego
    • b
    • Kod typu mediów
    • n
    • 2
    • Źródło (terminu i kodu)
    • rdamedia
338 -Typ/rodzaj nośnika [ , ]
    • a
    • Hasło opisujące typ nośnika
    • Wolumin
    • b
    • Kod typu nośnika
    • nc
    • 2
    • Źródło (terminu i kodu)
    • rdacarrier
504 -Uwaga dot. bibliogr. załącznikowej [ , ]
    • a
    • Uwaga dot. bibliografii załącznikowej
    • Bibliogr. s. 111-117.
080 -Uniwersalna Klasyfikacja Dziesiętna [ , ]
    • a
    • Symbol klasyfikacji
    • 159.928
    • 2
    • Identyfikator wydania tablic
    • UDC-P058
    • 9
    • UKD
    • 2430
    • b
    • Dopowiedzenie
    • Talenty. Uzdolnienia. Talenty i uzdolnienia ogólne i specjalne.
080 -Uniwersalna Klasyfikacja Dziesiętna [ , ]
    • a
    • Symbol klasyfikacji
    • 37.091.33
    • 2
    • Identyfikator wydania tablic
    • UDC-P058
    • 9
    • UKD
    • 3881
    • b
    • Dopowiedzenie
    • Metody nauczania. Kursy. Odczyty. Wykłady. Drama. Sugestopedia. Metody aktywizujące itd.
080 -Uniwersalna Klasyfikacja Dziesiętna [ , ]
    • a
    • Symbol klasyfikacji
    • 37.041
    • 2
    • Identyfikator wydania tablic
    • UDC-P058
    • 9
    • UKD
    • 3852
    • b
    • Dopowiedzenie
    • Uczenie się. Samokształcenie. Samouctwo. Autodydaktyka.
080 -Uniwersalna Klasyfikacja Dziesiętna [ , ]
    • a
    • Symbol klasyfikacji
    • 37.016
    • 2
    • Identyfikator wydania tablic
    • UDC-P058
    • 9
    • UKD
    • 3838
    • b
    • Dopowiedzenie
    • Treść, przedmioty nauczania w szkołach różnych stopni i typów.
650 -Hasło przedmiotowe [ ,7]
    • a
    • Hasło przedmiotowe
    • Dzieci uzdolnione
    • x
    • Określnik rzeczowy
    • edukacja
    • z
    • Określnik geograficzny
    • Polska
    • y
    • Określnik chronologiczny
    • 1945-1970.
    • 2
    • Źródło terminu
    • kaba
    • 9
    • KHW
    • 360963
650 -Hasło przedmiotowe [ ,7]
    • a
    • Hasło przedmiotowe
    • Dzieci uzdolnione
    • x
    • Określnik rzeczowy
    • ocena
    • z
    • Określnik geograficzny
    • Polska
    • y
    • Określnik chronologiczny
    • 1945-1970.
    • 2
    • Źródło terminu
    • kaba
    • 9
    • KHW
    • 360964
650 -Hasło przedmiotowe [ ,7]
    • a
    • Hasło przedmiotowe
    • Motywacja w edukacji.
    • 2
    • Źródło terminu
    • kaba
    • 9
    • KHW
    • 119985
650 -Hasło przedmiotowe [ ,7]
    • a
    • Hasło przedmiotowe
    • Trudności w uczeniu się.
    • 2
    • Źródło terminu
    • kaba
    • 9
    • KHW
    • 133872
980 -Symbol UKD [ , ]
    • a
    • UKD
    • 159.928:37.091.33:37.041:37.016
Numer inwentarzowy Status udost. Data inwentaryzacji Lokalizacja
W.1885-32010-09-02BG
Pd.1577212003-11-14BG
W.1884-3 BG
W.1886-3 BG
Z.6271 BG
Pd.59081 BNS
Pd.64461 BNS